000
00377nam a22001577a 4500
003
MPLRDC
005
20220104123810.0
008
210129b ||||| |||| 00| 0 eng d
082
_a
848.2 YGZ-22
100
_a
陈鼓应著
245
_a
这样的诗人余光中
_c
260
_a
_b
曙光出版社
_c
300
_b
平
650
_a
现代别集
942
_c
BK
_o
848.2 YGZ-22
999
_c
14281
_d
14271